| 000 | 00985cam a22002895a 4500 | ||
|---|---|---|---|
| 999 |
_c26881 _d26853 |
||
| 005 | 20190525100348.0 | ||
| 008 | 110506t2011 nyua frb 001 0 eng d | ||
| 020 | _a9781617792120 | ||
| 020 | _a1617792128 | ||
| 040 |
_aStDuBDS _beng _cStDuBDS _dUk _dEG-ScBUE _dEG-ScBUE |
||
| 082 | 0 | 4 |
_a615.7045 _bDRU _222 |
| 245 | 0 | 0 |
_aDrug interactions in infectious diseases / _ceditors, Stephen C. Piscitelli, Keith Rodvold, Manjunath P. Pai. |
| 250 | _a3rd ed. | ||
| 260 |
_aNew York : _bHumana Press, _cc.2011. |
||
| 300 |
_axiii, 692 p. : _bill. ; _c24 cm. |
||
| 490 | 0 | _aInfectious disease. | |
| 500 | _aPrevious ed. : 2005. | ||
| 504 | _aIncludes bibliographical references and index. | ||
| 650 | 7 |
_aAnti-infective agents _xSide effects. _2BUEsh |
|
| 650 | 7 |
_aDrug interactions. _2BUEsh |
|
| 651 | _2BUEsh | ||
| 653 |
_bPPhrm _cOctober2018 |
||
| 700 | 1 |
_aPiscitelli, Stephen C, _eeditor. |
|
| 700 | 1 |
_aRodvold, Keith, _eeditor. |
|
| 700 | 1 |
_aPai, Manjunath P., _eeditor. |
|
| 942 | _2ddc | ||